[Event "Mindsports"]
[Site "Beijing CHN"]
[Date "2008.10.04"]
[EventDate "2008.10.04"]
[Round "10"]
[Result "0-1"]
[White "Yelena Dembo"]
[Black "Monika (Bobrowska) Socko"]
[WhiteElo "2446"]
[BlackElo "2434"]
[PlyCount "130"]

1. e4 e5 2. Nf3 Nf6 3. d4 Nxe4 4. Bd3 d5 5. dxe5 Be7 6. O-O
O-O 7. Qe2 Nc5 8. Nc3 Nxd3 9. Qxd3 c6 10. h3 Nd7 11. Bf4 Nc5
12. Qe2 Bf5 13. Nd4 Bg6 14. Bg3 Ne6 15. Nb3 a5 16. a4 Qb6
17. Rad1 Rad8 18. Kh1 Nc5 19. Nxc5 Bxc5 20. b3 Rfe8 21. f4 Bd4
22. Nb1 Be4 23. c3 Bc5 24. Nd2 Bf5 25. Bh4 Be7 26. Bxe7 Rxe7
27. g4 Bc8 28. Qf2 Qxf2 29. Rxf2 Rde8 30. Nf3 f6 31. Kg2 b6
32. Kg3 Bb7 33. h4 c5 34. g5 f5 35. h5 Rc8 36. g6 c4 37. bxc4
Rxc4 38. Rb1 Rxc3 39. Rxb6 d4 40. Rd6 hxg6 41. Rd8+ Kf7
42. hxg6+ Kxg6 43. Rxd4 Rec7 44. Rd1 Re3 45. Re1 Rcc3 46. Rxe3
Rxe3 47. Kg2 Kf7 48. Kg3 Ke6 49. Kg2 Kd7 50. Kg3 Be4 51. Kg2
Kc6 52. Kg3 Kc5 53. Kg2 Bd5 54. Kg3 Kb4 55. e6 Bxe6 56. Kh4
Kxa4 57. Nd4 Bd7 58. Ra2+ Ra3 59. Rd2 Rc3 60. Ne2 Rc7 61. Nd4
Kb4 62. Nf3 a4 63. Ne5 Be6 64. Nd3+ Kc3 65. Rd1 Rd7 0-1

[Event "Mindsports"]
[Site "Beijing CHN"]
[Date "2008.10.06"]
[EventDate "2008.10.05"]
[Round "4"]
[Result "0-1"]
[White "Yelena Dembo"]
[Black "Yuhua Xu"]
[WhiteElo "2446"]
[BlackElo "2477"]
[PlyCount "74"]

1. e4 c6 2. d4 d5 3. e5 c5 4. Nf3 Bg4 5. c4 cxd4 6. cxd5 Qxd5
7. Nc3 Qd7 8. Bb5 Nc6 9. Qxd4 Nxd4 10. Nxd4 Rc8 11. Bxd7+ Bxd7
12. Be3 e6 13. O-O f6 14. exf6 gxf6 15. Rfe1 e5 16. Nb3 a6
17. f4 exf4 18. Bxf4+ Kf7 19. Rad1 Bg4 20. Rd2 Bb4 21. h3 Rc4
22. Bd6 Bxc3 23. bxc3 Bc8 24. Bb4 Nh6 25. Re7+ Kg6 26. Na5 Rf4
27. g3 Rf5 28. g4 Rg5 29. Kf2 Nf7 30. Nxb7 h5 31. Nd6 Nxd6
32. Rxd6 hxg4 33. hxg4 Rxg4 34. Bc5 Rh2+ 35. Kf3 Rh3+ 36. Kf2
Rf4+ 37. Ke2 Bg4+ 0-1

[Event "Mindsports"]
[Site "Beijing CHN"]
[Date "2008.10.06"]
[EventDate "2008.10.05"]
[Round "6"]
[Result "1-0"]
[White "Yelena Dembo"]
[Black "Kateryna Dolzhykova"]
[WhiteElo "2446"]
[BlackElo "2351"]
[PlyCount "35"]

1. e4 c5 2. Nf3 d6 3. d4 cxd4 4. Nxd4 Nf6 5. Nc3 a6 6. Bc4 e6
7. Bb3 b5 8. O-O Bb7 9. Re1 Nbd7 10. Bg5 Be7 11. Bxe6 fxe6
12. Nxe6 Qb6 13. Nxg7+ Kf7 14. Nf5 Bf8 15. Qf3 Re8 16. a3 Rg8
17. Bh4 Ne5 18. Nh6+ 1-0

[Event "Mindsports"]
[Site "Beijing CHN"]
[Date "2008.10.06"]
[EventDate "2008.10.05"]
[Round "7"]
[Result "1/2-1/2"]
[White "Dronavalli Harika"]
[Black "Yelena Dembo"]
[WhiteElo "2461"]
[BlackElo "2446"]
[PlyCount "103"]

1. Nf3 Nf6 2. d4 g6 3. g3 Bg7 4. Bg2 O-O 5. O-O d6 6. a4 a5
7. Nc3 Nbd7 8. e4 e5 9. h3 Re8 10. Re1 c6 11. Be3 Qc7 12. Qd2
Nf8 13. Rad1 Bd7 14. dxe5 dxe5 15. Bc5 Be6 16. Bd6 Qc8 17. Kh2
N6d7 18. Qe3 b6 19. Nd2 f6 20. Bf1 Bf7 21. Nc4 b5 22. Bxf8
bxc4 23. Bxg7 Kxg7 24. Rd6 Rb8 25. Red1 Nf8 26. Qf3 Be6
27. Bxc4 Rxb2 28. Bxe6 Rxe6 29. Rd8 Qc7 30. Qd3 Re7 31. Ne2
Rb8 32. Rxb8 Qxb8 33. Qc4 Qc7 34. Nc1 Ne6 35. Nb3 Rd7
36. Rxd7+ Qxd7 37. h4 g5 38. Qd3 Qa7 39. Qf3 gxh4 40. gxh4 Nf4
41. Qe3 Qa6 42. Qg3+ Kf7 43. Nc5 Qf1 44. Nd3 Nxd3 45. cxd3 Qd1
46. Qe3 Kg6 47. Qg3+ Kf7 48. Qe3 Kg6 49. Qh3 Qd2 50. Qf5+ Kg7
51. h5 Qc1 52. Kg2 1/2-1/2

[Event "Mindsports"]
[Site "Beijing CHN"]
[Date "2008.10.08"]
[EventDate "2008.10.08"]
[Round "1"]
[Result "0-1"]
[White "Yelena Dembo"]
[Black "Sherily Cua"]
[WhiteElo "2446"]
[BlackElo "2143"]
[PlyCount "147"]

1. e4 e6 2. d4 d5 3. Nd2 dxe4 4. Nxe4 Bd7 5. Nf3 Bc6 6. Bd3
Nd7 7. O-O Ngf6 8. Ng3 Be7 9. b3 O-O 10. c4 Bxf3 11. Qxf3 c6
12. Bb2 Re8 13. Rad1 Qc7 14. Rfe1 Rad8 15. Bb1 Nf8 16. Ne4
Nxe4 17. Qxe4 Bf6 18. Qe2 Re7 19. Rd3 Red7 20. Red1 Ng6 21. g3
Qa5 22. a3 Qc7 23. b4 a5 24. Qe4 axb4 25. axb4 b5 26. cxb5
cxb5 27. Rc1 Qb7 28. Qe3 Be7 29. Bc3 Rc8 30. Rcd1 Rcd8 31. Ba2
Qa7 32. Qe2 Bf6 33. d5 e5 34. Bb3 Qb6 35. Qe4 Qd6 36. Bb2 Be7
37. h4 f6 38. h5 Nf8 39. Rc1 Kh8 40. Ba3 Ra7 41. Rc6 Qb8
42. Bb2 Rc7 43. Kg2 Rxc6 44. dxc6 Rc8 45. h6 Qc7 46. Bd5 Rd8
47. hxg7+ Kxg7 48. Bc1 Ng6 49. Be3 Qd6 50. Bc5 Qc7 51. Rc3 Bd6
52. Qf3 Rf8 53. Bxd6 Qxd6 54. Rc5 Rb8 55. Qc3 Ne7 56. Bf3 Qc7
57. Qd3 Rd8 58. Qxb5 Rd4 59. Qa5 Qxa5 60. bxa5 Ra4 61. c7 Nc8
62. Bb7 Nd6 63. a6 Kg6 64. c8=Q Nxc8 65. Rxc8 Ra2 66. Bd5 Rd2
67. a7 Rxd5 68. a8=Q Rd4 69. Rg8+ Kf5 70. Qc8+ Ke4 71. Qc6+
Kd3 72. Rc8 Ke2 73. Qf3+ Kd2 74. Qc3+ 0-1

[Event "Mindsports"]
[Site "Beijing CHN"]
[Date "2008.10.08"]
[EventDate "2008.10.08"]
[Round "3"]
[Result "1-0"]
[White "Yelena Dembo"]
[Black "Peng-An Chen"]
[WhiteElo "2446"]
[BlackElo "1553"]
[PlyCount "56"]

1. e4 e5 2. Nf3 Nc6 3. d4 exd4 4. Nxd4 Nf6 5. Nxc6 bxc6 6. e5
Nd5 7. c4 Nb6 8. Bd3 d6 9. exd6 Bxd6 10. O-O O-O 11. Nc3 Be6
12. b3 Qf6 13. Bb2 Be5 14. Qc2 Rad8 15. Bxh7+ Kh8 16. Be4 Rd6
17. Qe2 g6 18. Rac1 Rfd8 19. Rc2 a5 20. c5 Nc4 21. cxd6 Nxb2
22. dxc7 Bxc7 23. Qf3 Qe5 24. g3 c5 25. Rxb2 Rd4 26. Re2 Qd6
27. Nb5 Qd7 28. Nxd4 cxd4 1-0

[Event "Mindsports"]
[Site "Beijing CHN"]
[Date "2008.10.08"]
[EventDate "2008.10.08"]
[Round "4"]
[Result "1/2-1/2"]
[White "Tatjana Vasilevich"]
[Black "Yelena Dembo"]
[WhiteElo "2368"]
[BlackElo "2446"]
[PlyCount "152"]

1. d4 Nf6 2. Nf3 g6 3. g3 Bg7 4. Bg2 O-O 5. O-O d6 6. b3 Nfd7
7. Bb2 e5 8. e4 Nc6 9. c4 Re8 10. d5 Ne7 11. Nh4 f5 12. exf5
gxf5 13. f4 Rf8 14. Nd2 Ng6 15. Nxg6 hxg6 16. Qc2 e4 17. Bxg7
Kxg7 18. b4 Qf6 19. Nb3 Qf7 20. Rad1 Nf6 21. Qc3 Kg8 22. Qd4
Bd7 23. c5 Bb5 24. Rfe1 a6 25. Na5 Rab8 26. Nc4 Bxc4 27. Qxc4
Rbe8 28. a4 Ng4 29. h3 Nf6 30. Kh2 Qh7 31. Rc1 Re7 32. b5 axb5
33. Qxb5 e3 34. Qxb7 Ng4+ 35. Kg1 Nf2 36. Rc3 Rfe8 37. Kh2 Qg7
38. Qb3 e2 39. Rc2 Qh8 40. Qc3 Ng4+ 41. Kg1 Qxc3 42. Rxc3 Nf6
43. cxd6 cxd6 44. Rc6 Kf7 45. Rxd6 Ra7 46. Rb6 Rxa4 47. Rb7+
Kf8 48. Rb2 Rd4 49. Rbxe2 Rxe2 50. Rxe2 Nxd5 51. Bxd5 Rxd5
52. Kg2 Kf7 53. Kf3 Kf6 54. Re3 Rc5 55. g4 Rb5 56. Rc3 Ra5
57. Kg3 Ra6 58. g5+ Kf7 59. Rc7+ Kf8 60. Rc3 Kg8 61. h4 Kg7
62. h5 gxh5 63. Kh4 Kg6 64. Rc8 Rb6 65. Rg8+ Kh7 66. Rf8 Kg6
67. Rf6+ Rxf6 68. gxf6 Kxf6 69. Kxh5 Ke6 70. Kg5 Ke7 71. Kxf5
Kf7 72. Ke5 Ke7 73. f5 Kf7 74. f6 Kf8 75. Ke6 Ke8 76. f7+ Kf8
1/2-1/2

[Event "Mindsports"]
[Site "Beijing CHN"]
[Date "2008.10.08"]
[EventDate "2008.10.08"]
[Round "5"]
[Result "0-1"]
[White "Yelena Dembo"]
[Black "Atousa Pourkashiyan"]
[WhiteElo "2446"]
[BlackElo "2241"]
[PlyCount "57"]

1. e4 e5 2. Nf3 Nf6 3. d4 Nxe4 4. Bd3 d5 5. dxe5 Nc6 6. O-O
Be7 7. Nc3 Nxc3 8. bxc3 Bg4 9. Bf4 Qd7 10. Rb1 O-O-O 11. h3
Bf5 12. Nd4 Bxd3 13. Qxd3 Nxd4 14. cxd4 Qc6 15. Rb3 Kb8
16. Rfb1 b6 17. Rc3 Qe6 18. Qa6 Rc8 19. a4 c5 20. a5 Rc6
21. axb6 axb6 22. Ra3 Kc7 23. Qa7+ Kd8 24. Rab3 Qd7 25. Qa6
Qc7 26. Rxb6 Rxb6 27. Rxb6 cxd4 28. Rb7 Qxc2 29. Qa8+ 0-1

[Event "Mindsports"]
[Site "Beijing CHN"]
[Date "2008.10.08"]
[EventDate "2008.10.08"]
[Round "8"]
[Result "0-1"]
[White "Li Ruofan"]
[Black "Yelena Dembo"]
[WhiteElo "2426"]
[BlackElo "2446"]
[PlyCount "122"]

1. d4 Nf6 2. c4 g6 3. Nc3 Bg7 4. Nf3 O-O 5. g3 d6 6. Bg2 Nc6
7. O-O Bf5 8. d5 Na5 9. Nd2 c5 10. e4 Bg4 11. Qc2 Qd7 12. Rb1
Bh3 13. b3 Bxg2 14. Kxg2 a6 15. Bb2 b5 16. Ne2 e6 17. dxe6
fxe6 18. Nf4 Rae8 19. Rbd1 Qb7 20. f3 Nc6 21. Rfe1 e5 22. Nd3
Qf7 23. Rf1 Bh6 24. Rde1 Nh5 25. Re2 Qe6 26. Rff2 Rf7 27. Nf1
Ref8 28. Ne3 Bxe3 29. Rxe3 Nd4 30. Bxd4 cxd4 31. Re1 bxc4
32. Qxc4 Qxc4 33. bxc4 Rc7 34. Rc2 Rfc8 35. Rec1 Nf6 36. c5 d5
37. Nxe5 dxe4 38. fxe4 Nxe4 39. c6 Re7 40. Nd3 a5 41. Rc4 Nc3
42. Nf4 Nxa2 43. Ra1 Nc3 44. Rxa5 Rec7 45. Rac5 Ne4 46. Re5
Nd6 47. Rxd4 Rxc6 48. Rd2 Rc2 49. Ree2 Rxd2 50. Rxd2 Nf7
51. Nd5 Kg7 52. Re2 Rd8 53. Nf4 Rd6 54. Re7 Kf6 55. Ra7 g5
56. Nh3 h6 57. Nf2 Kg6 58. Ne4 Rc6 59. Kf3 Ne5+ 60. Kg2 Rc2+
61. Nf2 Ng4 0-1

[Event "Mindsports"]
[Site "Beijing CHN"]
[Date "2008.10.08"]
[EventDate "2008.10.08"]
[Round "9"]
[Result "1/2-1/2"]
[White "Yelena Dembo"]
[Black "Zhaoqin Peng"]
[WhiteElo "2446"]
[BlackElo "2455"]
[PlyCount "123"]

1. e4 e6 2. d4 d5 3. Nd2 c5 4. Ngf3 cxd4 5. exd5 exd5 6. Bb5+
Bd7 7. Qe2+ Be7 8. Bxd7+ Nxd7 9. Nxd4 Ngf6 10. Nf5 Kf8 11. O-O
g6 12. Nxe7 Qxe7 13. Qxe7+ Kxe7 14. b3 Rhe8 15. Ba3+ Kd8
16. Nf3 Kc7 17. c4 dxc4 18. Rac1 Nb6 19. bxc4 Rad8 20. Bb2 Ne4
21. Rfe1 f5 22. c5 Na4 23. Be5+ Kc6 24. Bf4 Nexc5 25. Ne5+ Kb5
26. Rb1+ Ka6 27. Bg5 Rd5 28. f4 b6 29. Bh4 Nc3 30. Rb2 N3e4
31. Rc2 Nd3 32. Nxd3 Rxd3 33. Rec1 h6 34. Be1 Red8 35. g3 Rd1
36. Kg2 Rxc1 37. Rxc1 Rd3 38. Bb4 g5 39. Rc7 g4 40. Rh7 Rd4
41. a3 Rc4 42. Rxh6 Rc2+ 43. Kf1 Kb5 44. Rh5 a5 45. Be1 Rc5
46. h3 gxh3 47. Rxh3 Ka4 48. Rh8 Kxa3 49. Rb8 b5 50. Bxa5
Nxg3+ 51. Kg2 Ne4 52. Kh3 Ka4 53. Bd8 b4 54. Be7 Rc3+ 55. Kh4
b3 56. Ra8+ Kb5 57. Rb8+ Kc4 58. Kh5 Kd3 59. Kg6 Kc2 60. Kxf5
Ng3+ 61. Kg4 b2 62. Rxb2+ 1/2-1/2

[Event "Mindsports"]
[Site "Beijing CHN"]
[Date "2008.10.08"]
[EventDate "2008.10.08"]
[Round "11"]
[Result "0-1"]
[White "Thi Nhu Y Hoang"]
[Black "Yelena Dembo"]
[WhiteElo "2127"]
[BlackElo "2446"]
[PlyCount "110"]

1. c4 g6 2. Nc3 Bg7 3. d4 d6 4. e4 Nf6 5. f4 O-O 6. Nf3 c5
7. dxc5 Qa5 8. Bd3 Qxc5 9. Qe2 Bg4 10. Be3 Qa5 11. O-O Nc6
12. a3 Nd7 13. Rac1 Rac8 14. Nb5 a6 15. b4 Qd8 16. Nc3 Nd4
17. Qd1 Nxf3+ 18. gxf3 Bh3 19. Rf2 Nf6 20. Rfc2 Nh5 21. Qe1 e6
22. c5 dxc5 23. Be2 Bd4 24. Qf2 Nxf4 25. Bf1 Bxf1 26. Kxf1 Nd3
27. Qd2 Nxc1 28. Rxc1 Bxe3 29. Qxe3 Qd4 30. Qe1 cxb4 31. axb4
Rc4 32. Ne2 Rxc1 33. Qxc1 Qxb4 34. Qg5 Qb5 35. Qf6 a5 36. Kf2
a4 37. Nf4 Qb6+ 38. Kg2 Qd8 39. Qa1 b5 40. Qe5 a3 41. Kg3 Qb8
42. Qf6 a2 43. h4 Qd8 44. Qb2 Qd1 45. Qxa2 Qg1+ 46. Ng2 b4
47. Qb3 Rb8 48. h5 Qd4 49. h6 Qc3 50. Qd1 b3 51. Nf4 b2
52. Ne2 Qc7+ 53. f4 b1=Q 54. Qd4 e5 55. fxe5 Qb2 0-1

[Event "Mindsports"]
[Site "Beijing CHN"]
[Date "2008.10.09"]
[EventDate "2008.10.09"]
[Round "2"]
[Result "1/2-1/2"]
[White "Atousa Pourkashiyan"]
[Black "Yelena Dembo"]
[WhiteElo "2241"]
[BlackElo "2446"]
[PlyCount "110"]

1. e4 c5 2. Nf3 Nc6 3. d4 cxd4 4. Nxd4 Nf6 5. Nc3 d6 6. Bc4 e6
7. Bb3 Be7 8. Be3 Bd7 9. O-O Nxd4 10. Bxd4 Bc6 11. Qf3 O-O
12. Rae1 b5 13. a3 a5 14. Qd3 b4 15. axb4 axb4 16. Nb1 e5
17. Be3 Nxe4 18. f3 Nf6 19. Qc4 Qd7 20. Qxb4 d5 21. Qd2 h6
22. Rd1 d4 23. Bf2 Nh5 24. Rfe1 Bg5 25. Qe2 Rfe8 26. Nd2 Nf4
27. Qf1 Qb7 28. Ne4 Be7 29. Bg3 Bb4 30. Bxf4 exf4 31. c3 Bf8
32. Bc4 dxc3 33. bxc3 Qc7 34. Kh1 Kh8 35. h3 f5 36. Nf2 Bc5
37. Rxe8+ Rxe8 38. Nd3 Be3 39. Nb4 Bb7 40. Qd3 Rf8 41. Bd5 Bc8
42. Nc2 Qc5 43. c4 Ba6 44. Re1 Bf2 45. Rd1 Bc8 46. Qe2 Bd7
47. Qe5 Be3 48. Re1 Re8 49. Qc3 Kh7 50. Qd3 Bc8 51. Qa3 Qxa3
52. Nxa3 Be6 53. Nc2 Bxd5 54. cxd5 Re5 55. d6 Rd5 1/2-1/2

[Event "Mindsports"]
[Site "Beijing CHN"]
[Date "2008.10.09"]
[EventDate "2008.10.09"]
[Round "3"]
[Result "1-0"]
[White "Yelena Dembo"]
[Black "Zhaoqin Peng"]
[WhiteElo "2446"]
[BlackElo "2455"]
[PlyCount "101"]

1. e4 c5 2. Nf3 e6 3. d4 cxd4 4. Nxd4 Nf6 5. Nc3 Nc6 6. Nxc6
bxc6 7. e5 Nd5 8. Ne4 Qc7 9. f4 Qb6 10. Bd3 Be7 11. Qe2 f5
12. exf6 Nxf6 13. Nxf6+ Bxf6 14. c3 Rb8 15. Rb1 O-O 16. Qe3
Qa5 17. a3 Ba6 18. O-O Bxd3 19. Qxd3 d5 20. Bd2 Qb5 21. Qh3
Qe2 22. Rf2 Qe4 23. Re1 Qf5 24. g4 Qg6 25. g5 Rbe8 26. Rfe2
Bd8 27. Rxe6 Bb6+ 28. Kg2 Rxe6 29. Qxe6+ Qxe6 30. Rxe6 Rc8
31. Kf3 Kf7 32. f5 c5 33. h4 d4 34. h5 c4 35. g6+ hxg6
36. hxg6+ Kf8 37. cxd4 Bxd4 38. Bb4+ Kg8 39. Bc3 Bxc3 40. bxc3
Kf8 41. Ke4 Rb8 42. Kd4 Rb3 43. Ra6 Rb5 44. f6 gxf6 45. Rxf6+
Kg7 46. Ra6 Rb7 47. Kxc4 Rc7+ 48. Kd4 Rd7+ 49. Kc5 Rc7+
50. Rc6 Rb7 51. c4 1-0

[Event "Mindsports"]
[Site "Beijing CHN"]
[Date "2008.10.11"]
[EventDate "2008.10.09"]
[Round "8"]
[Result "1-0"]
[White "Yelena Dembo"]
[Black "Monika (Bobrowska) Socko"]
[WhiteElo "2446"]
[BlackElo "2434"]
[PlyCount "153"]

1. e4 e5 2. Nf3 Nf6 3. d4 Nxe4 4. Bd3 d5 5. dxe5 Nc5 6. O-O
Be7 7. Nc3 c6 8. Be2 O-O 9. Be3 Be6 10. Qd2 Nbd7 11. Bf4 f6
12. exf6 Nxf6 13. Nd4 Qd7 14. Bf3 Bg4 15. Rae1 Bxf3 16. Nxf3
Bd6 17. Ne5 Bxe5 18. Bxe5 Rad8 19. Qd4 b6 20. Re2 Nce4
21. Nxe4 Nxe4 22. f3 Ng5 23. Bg3 Rde8 24. Re5 Rxe5 25. Qxe5
Nf7 26. Qc3 Re8 27. Re1 Re6 28. Rxe6 Qxe6 29. Kf2 Nh6 30. Qe5
Qd7 31. Bf4 Nf5 32. g4 Ne7 33. h4 Ng6 34. Qb8+ Kf7 35. Bd6 c5
36. h5 Ne7 37. Bf4 Nc6 38. Qh8 h6 39. Qh7 Qe6 40. c3 Qf6
41. Kg3 Ne5 42. Qc2 Nc4 43. b3 Nd6 44. Qd3 Ke6 45. Qe2+ Kf7
46. Qa6 Qe7 47. Kf2 Ne8 48. Bb8 Qh4+ 49. Kg2 Qf6 50. Qxa7+ Kf8
51. Qd7 d4 52. cxd4 cxd4 53. Qd5 g6 54. Be5 Qg5 55. hxg6 Qxg6
56. Qxd4 Qc2+ 57. Qf2 Qd1 58. Kg3 b5 59. Bf4 h5 60. gxh5 Nf6
61. Qc5+ Kf7 62. Qc7+ Ke8 63. Qe5+ Kf7 64. Qc7+ Ke8 65. Qb8+
Kf7 66. Qa7+ Ke8 67. Qe3+ Kf7 68. Bg5 Nxh5+ 69. Kg4 Ng7
70. Qa7+ Kg8 71. Bf6 Ne8 72. Be5 Qd3 73. Qe7 Qg6+ 74. Qg5 Kf7
75. Qxg6+ Kxg6 76. a4 bxa4 77. bxa4 1-0

[Event "Mindsports"]
[Site "Beijing CHN"]
[Date "2008.10.11"]
[EventDate "2008.10.09"]
[Round "9"]
[Result "1/2-1/2"]
[White "Yelena Dembo"]
[Black "Kieu Thien Kim Le"]
[WhiteElo "2446"]
[BlackElo "2291"]
[PlyCount "91"]

1. e4 Nf6 2. e5 Nd5 3. d4 d6 4. Nf3 Bg4 5. Be2 e6 6. O-O Be7
7. h3 Bh5 8. c4 Nb6 9. Nc3 O-O 10. Be3 Nc6 11. exd6 cxd6
12. b3 Bf6 13. Ne4 Be7 14. Ng3 Bxf3 15. Bxf3 d5 16. c5 Nc8
17. Qd2 b6 18. b4 bxc5 19. bxc5 g6 20. Be2 Bf6 21. Rab1 N8e7
22. Ba6 Rb8 23. Ne2 Nf5 24. Bb5 Qc8 25. Bf4 Ra8 26. Bxc6 Qxc6
27. Qb4 Qa6 28. Qb2 Rfc8 29. Qd2 Ne7 30. Rb3 Nc6 31. Rfb1 Qa4
32. Rd3 Qa6 33. Bd6 Be7 34. Bg3 Bf6 35. Rf3 Bg7 36. Rfb3 Qa4
37. Rd3 Qa6 38. h4 h5 39. Rd1 Ne7 40. Rb3 Nf5 41. Rdb1 Nxg3
42. Nxg3 Qc6 43. Qf4 Qc7 44. Qxc7 Rxc7 45. Ne2 e5 46. Rb8+
1/2-1/2

[Event "10th European Individual Championship"]
[Site "Budva MNE"]
[Date "2009.03.15"]
[EventDate "2009.03.06"]
[Round "9"]
[Result "1-0"]
[White "Viktor Erdos"]
[Black "Yelena Dembo"]
[WhiteElo "2582"]
[BlackElo "2456"]
[PlyCount "131"]

1. d4 Nf6 2. c4 g6 3. Nc3 Bg7 4. e4 d6 5. Nf3 O-O 6. Be3 Nbd7
7. Be2 e5 8. O-O Re8 9. d5 Nh5 10. g3 Bf6 11. b4 Be7 12. Nd2
Ng7 13. Rc1 f5 14. f3 Rf8 15. Bf2 h5 16. Kh1 Bg5 17. Rc2 Nf6
18. Qe1 Rf7 19. Rg1 Kh7 20. Bd3 Bxd2 21. Qxd2 fxe4 22. Bxe4
Bf5 23. Bxf5 gxf5 24. Be3 Qe8 25. Bg5 a6 26. Qd3 Kh8 27. f4
Nh7 28. Bh4 Qd7 29. Re1 Re8 30. Rce2 e4 31. Qd4 Rff8 32. Nd1
Qf7 33. Ne3 Qg6 34. h3 Rf7 35. Rc2 Nf8 36. c5 Rd7 37. c6 bxc6
38. Rxc6 Qf7 39. Rec1 Kh7 40. Qf6 Ng6 41. Qxf7 Rxf7 42. Rxa6
Rb8 43. a3 Nxh4 44. gxh4 Ne8 45. Rg1 Rf8 46. Ra7 Rf7 47. Rg5
Ng7 48. Kg2 Kg8 49. Ra5 Kf8 50. Kf2 Ke8 51. Ke2 Kd7 52. Kd2
Rbf8 53. b5 Rb8 54. a4 Ne8 55. Ra7 Nf6 56. Rxf5 Rff8 57. Kc3
Kd8 58. Kd4 Nd7 59. Rxf8+ Nxf8 60. Nf5 Nd7 61. Ng7 Nc5
62. Ne6+ Nxe6+ 63. dxe6 d5 64. f5 Rb6 65. Ra8+ Ke7 66. Ke5 1-0

[Event "10th European Individual Championship"]
[Site "Budva MNE"]
[Date "2009.03.16"]
[EventDate "2009.03.06"]
[Round "10"]
[Result "0-1"]
[White "Yelena Dembo"]
[Black "Robert Ruck"]
[WhiteElo "2456"]
[BlackElo "2558"]
[PlyCount "124"]

1. e4 c6 2. d4 d5 3. e5 Bf5 4. Nd2 e6 5. Nb3 c5 6. dxc5 Bxc5
7. Nxc5 Qa5+ 8. c3 Qxc5 9. Nf3 Nc6 10. Be3 Qa5 11. Nd4 Nge7
12. f4 Be4 13. Qd2 O-O 14. Nb3 Qc7 15. Bd3 Bxd3 16. Qxd3 Na5
17. Nxa5 Qxa5 18. O-O Rac8 19. Bd4 Nf5 20. Bf2 Qa4 21. g4 Ne7
22. Be3 a6 23. Rf3 Rfd8 24. Bd4 Qc4 25. Qd1 Nc6 26. Rd3 Nxd4
27. Rxd4 Qb5 28. Rb4 Qc5+ 29. Rd4 Qb6 30. Qb3 Rc6 31. Kg2 Qc7
32. Rad1 Rc8 33. Qc2 b5 34. Qe2 Qe7 35. Qe3 h6 36. R1d2 Rc4
37. Rxc4 Rxc4 38. Rd4 Qc5 39. a3 Qe7 40. Kg3 Qc7 41. Kf3 Qa5
42. Qd3 Qa4 43. Qd2 Qb3 44. Rxc4 Qxc4 45. Qe2 Qa2 46. h4 h5
47. gxh5 Qb1 48. Kg3 Kh7 49. Qf2 Kh6 50. Qe2 Qf5 51. Qg4 Qd3+
52. Kf2 Qd2+ 53. Kg3 Qxb2 54. Qg5+ Kh7 55. h6 Qxc3+ 56. Kf2
Qd2+ 57. Kf3 Qd3+ 58. Kf2 gxh6 59. Qe7 Qd4+ 60. Kf3 Qe4+
61. Kg3 Qe3+ 62. Kg4 h5+ 0-1

[Event "17th European Team Championship (Women)"]
[Site "Novi Sad SRB"]
[Date "2009.10.24"]
[EventDate "2009.10.22"]
[Round "3"]
[Result "0-1"]
[White "Jovanka Houska"]
[Black "Yelena Dembo"]
[WhiteElo "2381"]
[BlackElo "2482"]
[PlyCount "90"]

1. d4 Nf6 2. Nf3 g6 3. c4 Bg7 4. g3 O-O 5. Bg2 d6 6. O-O Nc6
7. Nc3 Bf5 8. b3 Ne4 9. Nd5 Bd7 10. Bb2 e6 11. Nc3 Nxc3
12. Bxc3 e5 13. b4 e4 14. Ne1 Qe7 15. Nc2 f5 16. e3 Qf7
17. Na3 Ne7 18. Rc1 d5 19. Qb3 Be6 20. c5 g5 21. Bd2 c6 22. b5
Ng6 23. f3 Qd7 24. bxc6 bxc6 25. fxe4 dxe4 26. Nc4 Bd5 27. Qc2
f4 28. exf4 Bxd4+ 29. Be3 Bxe3+ 30. Nxe3 gxf4 31. Nxd5 cxd5
32. c6 Qe6 33. gxf4 Nxf4 34. c7 Rac8 35. Kh1 h6 36. Qb3 Nxg2
37. Rg1 Kh7 38. Rxg2 Rf7 39. Qb7 e3 40. Qxa7 e2 41. Qg1 d4
42. a4 d3 43. Ra1 Qd5 44. a5 d2 45. Qb1+ Rf5 0-1

[Event "17th European Team Championship (Women)"]
[Site "Novi Sad SRB"]
[Date "2009.10.26"]
[EventDate "2009.10.22"]
[Round "5"]
[Result "1/2-1/2"]
[White "Yelena Dembo"]
[Black "Jana Jackova"]
[WhiteElo "2482"]
[BlackElo "2393"]
[PlyCount "45"]

1. e4 e5 2. Nf3 Nc6 3. d4 exd4 4. Nxd4 Bc5 5. Be3 Qf6 6. c3
Nge7 7. Bc4 Ne5 8. Be2 Qg6 9. O-O d6 10. f4 Qxe4 11. Bf2 Bxd4
12. cxd4 N5g6 13. g3 Bh3 14. Bf3 Qf5 15. Re1 d5 16. Nc3 c6
17. Qb3 Qd7 18. a4 O-O 19. a5 Nc8 20. Na4 Nd6 21. Nc5 Qc8
22. Qb4 Rd8 23. b3 1/2-1/2

[Event "17th European Team Championship (Women)"]
[Site "Novi Sad SRB"]
[Date "2009.10.27"]
[EventDate "2009.10.22"]
[Round "6"]
[Result "1/2-1/2"]
[White "Szidonia Lazarne Vajda"]
[Black "Yelena Dembo"]
[WhiteElo "2375"]
[BlackElo "2482"]
[PlyCount "44"]

1. e4 c5 2. c3 d5 3. exd5 Qxd5 4. d4 Nf6 5. Nf3 Nc6 6. Be3 Ng4
7. Nbd2 Nxe3 8. fxe3 e6 9. Bd3 Be7 10. O-O O-O 11. Qe2 Rb8
12. Nb3 cxd4 13. exd4 Qh5 14. Be4 Bd6 15. Qf2 Bd7 16. Rad1 Ne7
17. Qh4 Qxh4 18. Nxh4 Bb5 19. Rf2 b6 20. Nf3 h6 21. Ne5 Rbc8
22. Bd3 Bxd3 1/2-1/2

[Event "17th European Team Championship (Women)"]
[Site "Novi Sad SRB"]
[Date "2009.10.28"]
[EventDate "2009.10.22"]
[Round "7"]
[Result "1/2-1/2"]
[White "Yelena Dembo"]
[Black "Monika (Bobrowska) Socko"]
[WhiteElo "2482"]
[BlackElo "2476"]
[PlyCount "38"]

1. e4 e6 2. d4 d5 3. Nd2 Nf6 4. e5 Nfd7 5. Bd3 c5 6. c3 Nc6
7. Ngf3 g6 8. h4 Qb6 9. h5 g5 10. Nxg5 cxd4 11. cxd4 Qxd4
12. Ndf3 Qb4+ 13. Bd2 Qxb2 14. Rb1 Qa3 15. Rb3 Qxa2 16. Bb1
Qa6 17. Bd3 Qa2 18. Bb1 Qa6 19. Bd3 Qa2 1/2-1/2

[Event "17th European Team Championship (Women)"]
[Site "Novi Sad SRB"]
[Date "2009.10.29"]
[EventDate "2009.10.22"]
[Round "8"]
[Result "0-1"]
[White "Zeinab Mamedjarova"]
[Black "Yelena Dembo"]
[WhiteElo "2285"]
[BlackElo "2482"]
[PlyCount "140"]

1. d4 Nf6 2. Bg5 d5 3. Nd2 c5 4. dxc5 Na6 5. Bxf6 gxf6 6. e4
d4 7. Qh5 Qa5 8. Bc4 e6 9. Ngf3 b5 10. Be2 Nxc5 11. O-O Bd7
12. Rfd1 Qb6 13. Nxd4 e5 14. Nf5 Ne6 15. Qh4 Nf4 16. Bf1 h5
17. Ne3 Rg8 18. Nd5 Nxd5 19. exd5 Rg4 20. Qxh5 Rf4 21. Nf3 Bg4
22. Qh7 O-O-O 23. Qxf7 Bc5 24. a4 e4 25. axb5 Bxf2+ 26. Kh1
exf3 27. Rd3 Qb7 28. Qg6 Bf5 29. Rc3+ Kb8 30. Qxf6 Qd7
31. Qe5+ Qd6 32. Qxd6+ Rxd6 33. gxf3 Rh6 34. Kg2 Bd4 35. Rc6
Rh8 36. Bd3 Bd7 37. Rg6 Rfh4 38. Rh1 Be5 39. Kf2 Bd4+ 40. Kg2
Be5 41. Kf2 Bxb2 42. Be4 Bd4+ 43. Kg2 Be5 44. Rg5 Bd6 45. Rg6
Bf4 46. c4 Rc8 47. Bd3 Be5 48. Rg5 Bf6 49. Rg6 Bc3 50. Rc1 Bd2
51. Rd1 Rch8 52. Rh1 Rd4 53. Be4 Bf4 54. h4 Rxc4 55. b6 a5
56. Rg7 Ra4 57. Bb1 Rb4 58. Rf1 Rb2+ 59. Rf2 Bh3+ 60. Kxh3
Rxf2 61. Rf7 Rh2+ 62. Kg4 R2xh4+ 63. Kf5 Bd6 64. Ke6 R4h6+
65. Kd7 Bc5 66. Be4 Rd6+ 67. Ke7 a4 68. Rf4 Rxb6+ 69. Kd7 Rd6+
70. Ke7 Rg6+ 0-1

[Event "FIDE Women's World Team Championship"]
[Site "Mardin TUR"]
[Date "2011.12.25"]
[EventDate "2011.12.18"]
[Round "7"]
[Result "1/2-1/2"]
[White "Yelena Dembo"]
[Black "Koneru Humpy"]
[WhiteElo "2468"]
[BlackElo "2600"]
[PlyCount "50"]

1. e4 e5 2. Nf3 Nc6 3. Bb5 a6 4. Ba4 Nf6 5. O-O Be7 6. Re1 b5
7. Bb3 d6 8. c3 O-O 9. d4 Bg4 10. Be3 exd4 11. cxd4 Na5
12. Bc2 Nc4 13. Bc1 c5 14. b3 Nb6 15. Nbd2 Nfd7 16. h3 Bh5
17. Bb2 Re8 18. Nf1 Rc8 19. Ne3 cxd4 20. Bxd4 Bf6 21. Ng4 Bxd4
22. Nxd4 Bg6 23. f4 Qh4 24. Qd2 d5 25. Nf2 Bxe4 1/2-1/2

[Event "FIDE Women's World Team Championship"]
[Site "Mardin TUR"]
[Date "2011.12.27"]
[EventDate "2011.12.18"]
[Round "9"]
[Result "1-0"]
[White "Yelena Dembo"]
[Black "Cecile Henriette van der Merwe"]
[WhiteElo "2468"]
[BlackElo "2057"]
[PlyCount "67"]

1. e4 e6 2. d4 d5 3. Nc3 Nf6 4. e5 Nfd7 5. f4 c5 6. Nf3 Nc6
7. Be3 a6 8. Qd2 b5 9. a3 Qa5 10. dxc5 Bxc5 11. Bxc5 Nxc5
12. Nd4 Nxd4 13. Qxd4 Ne4 14. b4 Qc7 15. Nxe4 dxe4 16. c4 bxc4
17. Rc1 Bb7 18. Rxc4 Qd7 19. Qc3 Rc8 20. Rxc8+ Bxc8 21. Qc5
Bb7 22. Be2 Qd5 23. Qe3 O-O 24. Kf2 Rc8 25. Rd1 Qc6 26. Rd6
Qc2 27. Qb6 e3+ 28. Qxe3 g6 29. Rd2 Qa4 30. Qb6 Qc6 31. Qxc6
Rxc6 32. Bf3 Rb6 33. Rd8+ Kg7 34. Rb8 1-0